=LDR 00000nam 2200000 4500 =001 INLIS000000000017025 =005 20130612112228 =008 ***********************************Ind** =035 ##$$0010-061300000017025 =041 ##$$a Ind =082 ##$$a F Rom D =090 ##$$a F Rom D, Pen p =245 ##$$a Pencuri mayat, Edyar Allan Poe =260 ##$$a 2003 $b Yogyakarta =300 ##$$a iv, 152 hlm, 21 cm =650 ##$$a Fiksi Dewasa =850 ##$$a NBPNMAT